000 00379nam a2200157Ia 4500
008 230524s9999 xx 000 0 und d
082 _a6.13
_bSKE
100 _aS.Hasan Saeed
245 0 _aAutomatic Control Systems
250 _a5TH
260 _aNEW DELHI
_bKatson Books
_c2007
300 _aXVI;659
500 _aQuantity Number: 57
650 _aElectrical
942 _cBK
999 _c35959
_d35959